-
VYAWAHARE, DR, N. S. AND ITKAR SACHIN C.
Entry Personal Name
Number of records used in: 1
001 - CONTROL NUMBER
003 - CONTROL NUMBER IDENTIFIER
005 - DATE AND TIME OF LATEST TRANSACTION
- control field:
20190528122340.0
008 - FIXED-LENGTH DATA ELEMENTS
- fixed length control field:
190528|| aca||aabn | a|a d
040 ## - CATALOGING SOURCE
- Original cataloging agency:
OSt
- Transcribing agency:
OSt
100 ## - HEADING--PERSONAL NAME
- Personal name:
VYAWAHARE, DR, N. S. AND ITKAR SACHIN C.
670 ## - SOURCE DATA FOUND
- Source citation:
Work cat.: (OSt): VYAWAHARE, DR, N. S. AND ITKAR SACHIN C. , DRUG, REGULATORY AFFAIRS